[Event "Bangkok Big Rook op 4th"]
[Site "Bangkok"]
[Date "2024.05.06"]
[Round "9"]
[White "Amilal, Munkhdalai"]
[Black "Munkhgal, Gombosuren"]
[Result "1-0"]
[WhiteElo "2364"]
[BlackElo "2405"]
[PlyCount "156"]
[EventDate "2024.05.01"]
[EventType "swiss"]
[EventRounds "9"]
[EventCountry "THA"]
[SourceTitle "CB19_2024"]
[SourceDate "2024.05.08"]
[SourceVersion "1"]
[SourceVersionDate "2024.05.08"]
[SourceQuality "1"]

1. e4 e6 2. d4 d5 3. Nd2 a6 4. c3 c5 5. exd5 exd5 6. Ngf3 Nc6 7. dxc5 Bxc5 8. Nb3 Bb6 9. Bd3 Nf6 10. Qe2+ Be6 11. Nfd4 Nxd4 12. Nxd4 Bxd4 13. cxd4 Qb6 14. Be3 0-0 15. 0-0 Bg4 16. f3 Bh5 17. Qd2 Bg6 18. Be2 Rfe8 19. Rfc1 Bf5 20. Rc3 Qa5 21. Bf1 h6 22. Rb3 Qc7 23. Bf4 Qd7 24. Be5 Nh7 25. Qb4 b5 26. Rc3 Rec8 27. a4 Rxc3 28. bxc3 bxa4 29. Rxa4 Qc6 30. Ra5 Ng5 31. h4 Nh7 32. Qc5 Qxc5 33. dxc5 Re8 34. Bd4 Bc8 35. Bxa6 Bxa6 36. Rxa6 Nf8 37. c6 Rc8 38. Be5 f6 39. Bg3 Kf7 40. h5 Ne6 41. Kf2 d4 42. c4 Nc5 43. Rb6 Ke7 44. c7 Ne6 45. Ke2 Ra8 46. Rb8 Ra2+ 47. Kd3 Ra3+ 48. Kc2 Rc3+ 49. Kd2 Nxc7 50. Bxc7 Rxc4 51. Rb7 Kf7 52. Bd6+ Kg8 53. Rb4 Rc6 54. Rxd4 Ra6 55. Ke3 Kh7 56. Ke4 Kg8 57. Kd5 Ra2 58. g4 Rf2 59. Rd3 Re2 60. Bc5 Kh7 61. Re3 Rb2 62. Ke6 Rb8 63. Kf7 Rb5 64. Rc3 Ra5 65. Be7 Ra8 66. Rc7 Ra6 67. Bf8 f5 68. Bxg7 fxg4 69. Bf6 Ra8 70. Ke6+ Kg8 71. Rg7+ Kf8 72. Rxg4 Ra6+ 73. Kf5 Ra5+ 74. Kg6 Ra2 75. Kxh6 Kf7 76. Bd4 Ra3 77. Rf4+ Ke6 78. Kg6 Kd5 1-0

[Event "Bangkok Big Rook op 4th"]
[Site "Bangkok"]
[Date "2024.05.01"]
[Round "1"]
[White "Munkhgal, Gombosuren"]
[Black "Brus, Derk"]
[Result "1-0"]
[WhiteElo "2405"]
[BlackElo "1887"]
[PlyCount "43"]
[EventDate "2024.05.01"]
[EventType "swiss"]
[EventRounds "9"]
[EventCountry "THA"]
[SourceTitle "CB19_2024"]
[SourceDate "2024.05.08"]
[SourceVersion "1"]
[SourceVersionDate "2024.05.08"]
[SourceQuality "1"]

1. d4 Nf6 2. Bf4 e6 3. e3 c5 4. Nf3 Nc6 5. Nc3 Nh5 6. Bg5 Be7 7. Bxe7 Nxe7 8. dxc5 Qa5 9. Qd2 0-0 10. Nb5 Qa4 11. Nfd4 Nc6 12. a3 e5 13. b3 Qa5 14. Qxa5 Nxa5 15. Nf5 Nc6 16. Nfd6 a6 17. Nc7 Rb8 18. Nd5 Nf6 19. Nb6 Ne7 20. e4 Ne8 21. Ndxc8 Nxc8 22. Nxd7 1-0

[Event "Titled Tuesday intern op 19th Dec Early"]
[Site "Chess.com INT"]
[Date "2023.12.19"]
[Round "3"]
[White "Baskakov, Egor"]
[Black "Munkhgal, Gombosuren"]
[Result "1-0"]
[WhiteElo "2215"]
[BlackElo "2401"]
[PlyCount "103"]
[EventDate "2023.12.19"]
[EventType "swiss (blitz)"]
[EventRounds "11"]
[EventCountry "USA"]
[SourceTitle "CB52_2023"]
[SourceDate "2023.12.27"]
[SourceVersion "1"]
[SourceVersionDate "2023.12.27"]
[SourceQuality "1"]

1. e4 e6 2. Nc3 d5 3. g3 Nf6 4. Bg2 d4 5. Nce2 e5 6. d3 c5 7. h3 Nc6 8. f4 Bd6 9. Nf3 Qc7 10. 0-0 Bd7 11. fxe5 Nxe5 12. Nxe5 Bxe5 13. Bf4 0-0 14. Qd2 Rfe8 15. g4 c4 16. Ng3 c3 17. bxc3 dxc3 18. Qc1 Bxf4 19. Rxf4 Be6 20. Qe3 Qb6 21. Qxb6 axb6 22. e5 Nd5 23. Re4 Ra3 24. Ne2 Rea8 25. Kf2 g5 26. Rc4 Rxa2 27. Rxa2 Rxa2 28. Bxd5 Bxd5 29. Rxc3 Bc6 30. Nd4 Bd7 31. Rc7 Be6 32. Nxe6 fxe6 33. Ke3 Ra5 34. Ke4 Ra4+ 35. d4 Ra3 36. Re7 Rxh3 37. Rxe6 Kf7 38. Rxb6 Rg3 39. Kf5 h6 40. Rxb7+ Ke8 41. Ke6 Kd8 42. d5 Rxg4 43. d6 Kc8 44. Rc7+ Kb8 45. c4 Rf4 46. c5 g4 47. c6 g3 48. Rb7+ Ka8 49. Rg7 Rf8 50. Kd7 h5 51. Rxg3 h4 52. Rh3 1-0

[Event "Titled Tuesday intern op 19th Dec Early"]
[Site "Chess.com INT"]
[Date "2023.12.19"]
[Round "2"]
[White "Munkhgal, Gombosuren"]
[Black "Khouri, Ahmed Abbas"]
[Result "1-0"]
[WhiteElo "2401"]
[BlackElo "1963"]
[PlyCount "77"]
[EventDate "2023.12.19"]
[EventType "swiss (blitz)"]
[EventRounds "11"]
[EventCountry "USA"]
[SourceTitle "CB52_2023"]
[SourceDate "2023.12.27"]
[SourceVersion "1"]
[SourceVersionDate "2023.12.27"]
[SourceQuality "1"]

1. d4 Nf6 2. Bf4 g6 3. Nc3 Bg7 4. e4 d6 5. Qd2 0-0 6. Bh6 e5 7. Bxg7 Kxg7 8. Nge2 c5 9. d5 a6 10. a4 Nbd7 11. f3 Rb8 12. Ng3 Kh8 13. h4 h5 14. Qh6+ Nh7 15. Be2 Qf6 16. Qe3 Qf4 17. Nf1 Qxe3 18. Nxe3 f5 19. a5 Ndf6 20. Nc4 Rd8 21. Ra3 Kg7 22. Rb3 Kf7 23. Rb6 Ke7 24. 0-0 f4 25. Rb1 g5 26. hxg5 Nxg5 27. b4 cxb4 28. R1xb4 Ra8 29. Kf2 h4 30. Bf1 Nh5 31. Rxb7+ Bxb7 32. Rxb7+ Kf6 33. Nb6 Ng3 34. Nca4 Nxf1 35. Kxf1 Rab8 36. Rxb8 Rxb8 37. Nd7+ Ke7 38. Nxb8 h3 39. Kg1 1-0

[Event "Belt and Road op 3rd"]
[Site "Qinhuangdao"]
[Date "2023.11.19"]
[Round "1"]
[White "Munkhgal, Gombosuren"]
[Black "Hou, Yifan B"]
[Result "1/2-1/2"]
[WhiteElo "2450"]
[BlackElo "2102"]
[PlyCount "90"]
[EventDate "2023.11.19"]
[EventType "swiss"]
[EventRounds "9"]
[EventCountry "CHN"]
[SourceTitle "CB48_2023"]
[SourceDate "2023.11.29"]
[SourceVersion "1"]
[SourceVersionDate "2023.11.29"]
[SourceQuality "1"]

1. d4 Nf6 2. c4 e6 3. Nc3 Bb4 4. Bd2 0-0 5. e3 d5 6. Nf3 b6 7. cxd5 exd5 8. Rc1 Bb7 9. Bd3 Be7 10. 0-0 c5 11. Ne5 Nc6 12. Be1 a6 13. b3 Re8 14. Nxc6 Bxc6 15. dxc5 bxc5 16. Ne2 Qb6 17. Ng3 Rad8 18. Nf5 Bf8 19. Bc3 Bb7 20. Qd2 Qe6 21. Ba5 Rd7 22. Ng3 d4 23. e4 Bxe4 24. Rfe1 Qc6 25. Nxe4 Nxe4 26. Qc2 Rde7 27. f3 Nf6 28. Rxe7 Rxe7 29. Qc4 Qe6 30. Re1 Qxc4 31. Bxc4 Ra7 32. a4 Ra8 33. g4 g6 34. g5 Ne8 35. Bb6 Nd6 36. Bd5 Rc8 37. a5 c4 38. Bxd4 cxb3 39. Bxb3 Nf5 40. Bb6 Bc5+ 41. Kg2 Bxb6 42. axb6 Rb8 43. Rb1 Kf8 44. Ba2 Ke7 45. f4 Nd6 1/2-1/2

[Event "Ulaanbaatar MICA op"]
[Site "Ulaanbaatar"]
[Date "2023.10.29"]
[Round "4"]
[White "Mungunzul, Bat Erdene"]
[Black "Munkhgal, Gombosuren"]
[Result "0-1"]
[WhiteElo "2111"]
[BlackElo "2450"]
[PlyCount "163"]
[EventDate "2023.10.27"]
[EventType "swiss"]
[EventRounds "9"]
[EventCountry "MGL"]
[SourceTitle "CB48_2023"]
[SourceDate "2023.11.29"]
[SourceVersion "1"]
[SourceVersionDate "2023.11.29"]
[SourceQuality "1"]

1. d4 d5 2. c4 e6 3. Nc3 a6 4. e3 Nf6 5. Nf3 b6 6. cxd5 exd5 7. Bd3 Bb7 8. b3 Bd6 9. Bb2 Nbd7 10. 0-0 0-0 11. Ne2 Ne4 12. Ne5 Re8 13. f4 c5 14. Bxe4 dxe4 15. Nxd7 Qxd7 16. dxc5 bxc5 17. Qd2 Rad8 18. Rfd1 Qc6 19. Qc2 Bf8 20. Rxd8 Rxd8 21. Rd1 Rd3 22. Nc1 Rxe3 23. Qf2 Rh3 24. Rd8 e3 25. Qe2 Rh6 26. Nd3 Qc7 27. Re8 Bxg2 28. Qxe3 Bh3 29. Ne5 Qd6 30. Qd3 Qxd3 31. Nxd3 Re6 32. Rd8 Re2 33. Be5 h5 34. Bd6 Rg2+ 35. Kh1 Rd2 36. Rxf8+ Kh7 37. Kg1 Rxd3 38. Bxc5 Rf3 39. Bf2 Rxf4 40. Rd8 Rg4+ 41. Kh1 Rg6 42. Rd3 Bf5 43. Re3 Rg4 44. Rg3 Re4 45. Kg1 h4 46. Rf3 Be6 47. Kf1 g5 48. Re3 Rg4 49. Rd3 Kg6 50. Rd6 h3 51. Bg3 Kh5 52. Kf2 Re4 53. Rxa6 f5 54. Bc7 f4 55. Ra5 Rd4 56. Re5 Bg4 57. Ba5 Kg6 58. Bc3 Rd3 59. Bb4 Bf5 60. Re8 g4 61. Rg8+ Kf6 62. Rf8+ Ke5 63. Re8+ Be6 64. Ke2 Re3+ 65. Kd2 g3 66. hxg3 fxg3 67. Kxe3 h2 68. Bc3+ Kd6 69. Rh8 g2 70. Rxh2 g1Q+ 71. Rf2 Bg4 72. Bd4 Kd5 73. Ba7 Bh5 74. Kd2 Qd1+ 75. Kc3 Be2 76. a4 Ke4 77. Bc5 Qc1+ 78. Kb4 Kd3 79. Kb5 Kc3+ 80. Rxe2 Qf1 81. b4 Qxe2+ 82. Kb6 0-1

[Event "Ulaanbaatar MICA op"]
[Site "Ulaanbaatar"]
[Date "2023.10.28"]
[Round "2"]
[White "Duurenkhishig, Bat Erdene"]
[Black "Munkhgal, Gombosuren"]
[Result "1/2-1/2"]
[WhiteElo "1950"]
[BlackElo "2450"]
[PlyCount "61"]
[EventDate "2023.10.27"]
[EventType "swiss"]
[EventRounds "9"]
[EventCountry "MGL"]
[SourceTitle "CB48_2023"]
[SourceDate "2023.11.29"]
[SourceVersion "1"]
[SourceVersionDate "2023.11.29"]
[SourceQuality "1"]

1. Nf3 Nf6 2. d4 g6 3. Nbd2 d5 4. c4 c6 5. g3 Qa5 6. cxd5 cxd5 7. Bg2 Nc6 8. 0-0 Bg7 9. Nb3 Qb6 10. Ne5 0-0 11. Be3 a5 12. Nc5 Bf5 13. Na4 Qd8 14. h3 Nb4 15. Nc5 Nc2 16. g4 Nxe3 17. fxe3 b6 18. Nb7 Qc7 19. gxf5 Qxb7 20. Qb3 a4 21. Qb5 Bh6 22. fxg6 hxg6 23. Nxg6 Ra5 24. Qc6 Qxc6 25. Nxe7+ Kg7 26. Nxc6 Rb5 27. Ne7 Bxe3+ 28. Kh2 Bd2 29. Nf5+ Kg6 30. Ne7+ Kg7 31. Nf5+ 1/2-1/2

[Event "Asian Games tt"]
[Site "Hangzhou"]
[Date "2023.10.05"]
[Round "7.4"]
[White "Munkhgal, Gombosuren"]
[Black "Daneshvar, Bardiya"]
[Result "1/2-1/2"]
[WhiteElo "2450"]
[BlackElo "2581"]
[PlyCount "89"]
[EventDate "2023.09.29"]
[EventType "team-tourn"]
[EventRounds "9"]
[EventCountry "CHN"]
[SourceTitle "EXT 2024"]
[Source "ChessBase"]
[SourceDate "2023.10.10"]
[SourceVersion "1"]
[SourceVersionDate "2023.10.10"]
[SourceQuality "1"]
[WhiteTeam "Mongolia"]
[BlackTeam "Iran"]
[WhiteTeamCountry "MGL"]
[BlackTeamCountry "IRI"]

1. d4 d6 2. e4 Nf6 3. Nc3 e5 4. Nf3 Nbd7 5. Bc4 Be7 6. 0-0 0-0 7. Re1 c6 8. a4 h6 9. a5 Re8 10. h3 Qc7 11. Be3 exd4 12. Nxd4 Bf8 13. Bf4 Ne5 14. Bb3 Be6 15. Nxe6 fxe6 16. a6 b5 17. Bg3 Qb6 18. Kh2 c5 19. f4 Nc6 20. f5 c4 21. Ba2 Qc5 22. fxe6 Rxe6 23. Nd5 Nxd5 24. exd5 Rxe1 25. Qxe1 Ne5 26. c3 Qxd5 27. Rd1 Qc6 28. Bb1 Re8 29. Qe4 Qxe4 30. Bxe4 Nd3 31. Bxd3 cxd3 32. Bf2 Rc8 33. Rxd3 Rc6 34. Rd5 Rxa6 35. Rxb5 Ra2 36. Bd4 a5 37. Kg3 a4 38. Kf3 Kf7 39. g4 g6 40. h4 Be7 41. h5 gxh5 42. gxh5 Ke6 43. Be3 a3 44. bxa3 Rxa3 45. Ke4 1/2-1/2

[Event "Asian Games tt"]
[Site "Hangzhou"]
[Date "2023.10.01"]
[Round "3.16"]
[White "Munkhgal, Gombosuren"]
[Black "Garcia, Jan Emmanuel"]
[Result "1-0"]
[WhiteElo "2450"]
[BlackElo "2418"]
[PlyCount "81"]
[EventDate "2023.09.29"]
[EventType "team-tourn"]
[EventRounds "9"]
[EventCountry "CHN"]
[SourceTitle "EXT 2024"]
[Source "ChessBase"]
[SourceDate "2023.10.10"]
[SourceVersion "1"]
[SourceVersionDate "2023.10.10"]
[SourceQuality "1"]
[WhiteTeam "Mongolia"]
[BlackTeam "Philippines"]
[WhiteTeamCountry "MGL"]
[BlackTeamCountry "PHI"]

1. d4 Nf6 2. c4 g6 3. Nc3 Bg7 4. g3 d5 5. cxd5 Nxd5 6. Bg2 Nxc3 7. bxc3 c5 8. e3 Nc6 9. Ne2 cxd4 10. cxd4 0-0 11. 0-0 Be6 12. Qa4 Bd7 13. Qa3 Na5 14. Qb4 Nc6 15. Qa3 Na5 16. Qb4 Nc6 17. Qb1 Na5 18. Bd2 Nc4 19. Bc3 Rb8 20. a4 b5 21. axb5 Bxb5 22. Qa2 a5 23. Rfb1 Qd7 24. d5 Bxc3 25. Nxc3 Ba6 26. h4 Rxb1+ 27. Rxb1 Rc8 28. Ne2 e6 29. h5 exd5 30. h6 Qd6 31. Nf4 d4 32. Qa1 Rd8 33. Nd5 Qc5 34. Rd1 Kf8 35. Rxd4 Qa3 36. Qd1 Qc5 37. Qf3 f5 38. Qf4 Kf7 39. Qg5 Rd7 40. Qf6+ Kg8 41. Qe6+ 1-0

[Event "Titled Tuesday intern op 05th Sep Early"]
[Site "Chess.com INT"]
[Date "2023.09.05"]
[Round "7"]
[White "Munkhgal, Gombosuren"]
[Black "Palencia Morales, Wilson Guillermo"]
[Result "0-1"]
[WhiteElo "2450"]
[BlackElo "2286"]
[PlyCount "75"]
[EventDate "2023.09.05"]
[EventType "swiss (blitz)"]
[EventRounds "11"]
[EventCountry "USA"]
[SourceTitle "EXT 2024"]
[Source "ChessBase"]
[SourceDate "2023.10.10"]
[SourceVersion "1"]
[SourceVersionDate "2023.10.10"]
[SourceQuality "1"]

1. d4 Nf6 2. Bf4 d5 3. e3 c5 4. dxc5 Nc6 5. Bb5 e6 6. b4 Ne4 7. c3 g5 8. Bg3 Bg7 9. Ne2 a5 10. Bxc6+ bxc6 11. Nd2 Nxc3 12. Nxc3 Bxc3 13. 0-0 axb4 14. Nf3 0-0 15. Be5 f6 16. Bxc3 bxc3 17. Qd4 c2 18. Rfc1 e5 19. Qc3 Bf5 20. Ne1 Qa5 21. Qxa5 Rxa5 22. Nxc2 Rb8 23. Ne1 Rbb5 24. h3 Rxc5 25. Rxc5 Rxc5 26. a4 Ra5 27. g4 Bd7 28. Rb1 Kf7 29. Rb7 Ke7 30. Nd3 c5 31. Rc7 Kd6 32. Rb7 e4 33. Nb2 Bxa4 34. Rxh7 Bb3 35. Rf7 Ra2 36. Rxf6+ Ke7 37. Rf5 Rxb2 38. Rxg5 0-1

[Event "Titled Tuesday intern op 20th Jun Early"]
[Site "Chess.com INT"]
[Date "2023.06.20"]
[Round "6"]
[White "Aravindh, Chithambaram VR"]
[Black "Munkhgal, Gombosuren"]
[Result "1-0"]
[WhiteElo "2627"]
[BlackElo "2463"]
[PlyCount "91"]
[EventDate "2023.06.20"]
[EventType "swiss (blitz)"]
[EventRounds "11"]
[EventCountry "USA"]
[SourceTitle "EXT 2024"]
[Source "ChessBase"]
[SourceDate "2023.10.10"]
[SourceVersion "1"]
[SourceVersionDate "2023.10.10"]
[SourceQuality "1"]

1. e4 e6 2. Nf3 d5 3. exd5 exd5 4. d4 Nf6 5. Bd3 c5 6. 0-0 c4 7. Re1+ Be7 8. Bf1 0-0 9. b3 cxb3 10. axb3 Nc6 11. h3 Ne4 12. c4 Be6 13. Bb2 Bb4 14. Re3 f5 15. Nc3 Bxc3 16. Rxc3 Nxc3 17. Bxc3 f4 18. Qd2 Qd7 19. Re1 Rae8 20. Qa2 h6 21. b4 a6 22. Rxe6 Qxe6 23. cxd5 Qf7 24. Bc4 Nd8 25. d6 Ne6 26. Ne5 Qf5 27. d7 Re7 28. d5 f3 29. dxe6 fxg2 30. Ng4 Qf3 31. Qd2 Qxh3 32. Nh2 Rd8 33. Qd6 Qh4 34. Bd4 b5 35. Bb3 Qg5 36. Bc5 Qc1+ 37. Kxg2 Qg5+ 38. Qg3 Qf6 39. Ng4 Qg5 40. Nxh6+ Qxh6 41. Bxe7 Qh7 42. Bxd8 Qe4+ 43. Qf3 Qg6+ 44. Bg5 Qxg5+ 45. Qg3 Qd5+ 46. Bxd5 1-0

[Event "Titled Tuesday intern op 20th Jun Early"]
[Site "Chess.com INT"]
[Date "2023.06.20"]
[Round "1"]
[White "Spichkin, Alexander"]
[Black "Munkhgal, Gombosuren"]
[Result "0-1"]
[WhiteElo "2052"]
[BlackElo "2463"]
[PlyCount "80"]
[EventDate "2023.06.20"]
[EventType "swiss (blitz)"]
[EventRounds "11"]
[EventCountry "USA"]
[SourceTitle "EXT 2024"]
[Source "ChessBase"]
[SourceDate "2023.10.10"]
[SourceVersion "1"]
[SourceVersionDate "2023.10.10"]
[SourceQuality "1"]

1. f4 d6 2. Nf3 g6 3. e4 Bg7 4. Be2 Nf6 5. 0-0 Nxe4 6. d3 Nf6 7. Nc3 0-0 8. Qe1 b6 9. Qh4 Bb7 10. Bd2 Nbd7 11. Rae1 a6 12. Bd1 b5 13. Bc1 c5 14. Ne4 Nxe4 15. dxe4 e5 16. Qh3 exf4 17. Bxf4 Ne5 18. Ng5 h6 19. Nf3 Nxf3+ 20. Bxf3 g5 21. Bc1 Qe7 22. c3 b4 23. cxb4 cxb4 24. Qg3 Qe5 25. Qh3 Rac8 26. Bg4 Rc2 27. Bf5 Rfc8 28. Bxc8 Bxc8 29. Qd3 Rc7 30. b3 Be6 31. Be3 Rc3 32. Qxa6 Qxe4 33. Qa7 Rc2 34. Rf2 Rc3 35. Rff1 Rxe3 36. Rxe3 Bd4 37. Qb8+ Kg7 38. Qxd6 Bxe3+ 39. Kh1 Bf4 40. Rd1 Bxd6 0-1

[Event "MGL-ch"]
[Site "Ulaanbaatar"]
[Date "2023.05.29"]
[Round "10"]
[White "Munkhgal, Gombosuren"]
[Black "Bulgankhan, Ganzorig"]
[Result "1-0"]
[WhiteElo "2463"]
[BlackElo "2017"]
[PlyCount "71"]
[EventDate "2023.05.20"]
[EventType "tourn"]
[EventRounds "11"]
[EventCountry "MGL"]
[EventCategory "1"]
[SourceTitle "CBM 214 Extra"]
[Source "ChessBase"]
[SourceDate "2023.07.31"]
[SourceVersion "1"]
[SourceVersionDate "2023.07.31"]
[SourceQuality "1"]

1. d4 Nf6 2. c4 c5 3. d5 g6 4. Nc3 Bg7 5. e4 d6 6. h3 0-0 7. Nf3 e6 8. Be2 exd5 9. exd5 Bf5 10. 0-0 Ne4 11. Nxe4 Bxe4 12. Ng5 Bf5 13. Bd3 h6 14. Nf3 Qf6 15. Bxf5 Qxf5 16. Qb3 Qd7 17. Bd2 Na6 18. Rfe1 b5 19. cxb5 Nc7 20. a4 Qf5 21. Bc3 Bxc3 22. bxc3 Nxd5 23. c4 Nf4 24. a5 Qd7 25. Re4 g5 26. Rae1 Ng6 27. Qd3 Rad8 28. Rd1 Nf4 29. Qe3 Qf5 30. g3 Nxh3+ 31. Kg2 Nxf2 32. Kxf2 Qh3 33. Rd5 f5 34. Re7 Rf6 35. Nxg5 f4 36. Nxh3 1-0

[Event "MGL-ch"]
[Site "Ulaanbaatar"]
[Date "2023.05.23"]
[Round "4"]
[White "Amartuvshin, Ganzorig"]
[Black "Munkhgal, Gombosuren"]
[Result "1-0"]
[WhiteElo "2407"]
[BlackElo "2463"]
[PlyCount "87"]
[EventDate "2023.05.20"]
[EventType "tourn"]
[EventRounds "11"]
[EventCountry "MGL"]
[EventCategory "1"]
[SourceTitle "CBM 214 Extra"]
[Source "ChessBase"]
[SourceDate "2023.07.31"]
[SourceVersion "1"]
[SourceVersionDate "2023.07.31"]
[SourceQuality "1"]

1. d4 d5 2. c4 e6 3. Nf3 Nf6 4. Nc3 a6 5. cxd5 exd5 6. Bg5 Be6 7. e3 Nbd7 8. Bd3 Bd6 9. 0-0 c6 10. Bf4 Qc7 11. Qd2 0-0 12. h3 Rfe8 13. a3 Nf8 14. Bxd6 Qxd6 15. Na4 N8d7 16. Qc2 Ne4 17. Nd2 f5 18. b4 Nf8 19. Nc5 Bc8 20. f4 g5 21. fxg5 Ng6 22. Bxe4 fxe4 23. Ndb3 b6 24. Na4 Bxh3 25. gxh3 Qg3+ 26. Kh1 Rf8 27. Qh2 Qxe3 28. Nxb6 Rxf1+ 29. Rxf1 Rf8 30. Rxf8+ Nxf8 31. Nc5 Qf3+ 32. Qg2 Qd1+ 33. Kh2 Qxd4 34. Nbd7 Nxd7 35. Nxd7 Kf7 36. Qf1+ Ke8 37. Nf6+ Ke7 38. Qf4 Qb2+ 39. Kg3 Qc3+ 40. Kg4 e3 41. Kf3 d4 42. Qc7+ Kf8 43. Qd8+ Kf7 44. Qe8+ 1-0

[Event "MGL-ch"]
[Site "Ulaanbaatar"]
[Date "2023.05.20"]
[Round "1"]
[White "Munkhgal, Gombosuren"]
[Black "Chinguun, Sumiya"]
[Result "0-1"]
[WhiteElo "2463"]
[BlackElo "2298"]
[PlyCount "82"]
[EventDate "2023.05.20"]
[EventType "tourn"]
[EventRounds "11"]
[EventCountry "MGL"]
[EventCategory "1"]
[SourceTitle "CBM 214 Extra"]
[Source "ChessBase"]
[SourceDate "2023.07.31"]
[SourceVersion "1"]
[SourceVersionDate "2023.07.31"]
[SourceQuality "1"]

1. d4 Nf6 2. c4 g6 3. Nc3 Bg7 4. g3 0-0 5. Bg2 d6 6. Nf3 c6 7. e4 Nbd7 8. 0-0 e5 9. h3 Qa5 10. Re1 exd4 11. Nxd4 Ne5 12. Bf1 Qb6 13. Be3 c5 14. Ndb5 Be6 15. a4 a6 16. a5 Qc6 17. Nd5 Rfe8 18. Nbc3 Bxd5 19. exd5 Qc8 20. f4 Nxc4 21. Bf2 b5 22. axb6 Nxb6 23. Rxe8+ Nxe8 24. Qb3 Nd7 25. Qa4 a5 26. Re1 Ndf6 27. g4 Nc7 28. Qc6 Nfe8 29. Nb5 Qd8 30. b3 Rb8 31. Nxc7 Nxc7 32. Bc4 Na8 33. Kg2 Nb6 34. Bd3 Bf8 35. f5 Nd7 36. fxg6 hxg6 37. Bc4 Ne5 38. Qa6 Qf6 39. Bg3 Qf3+ 40. Kh2 Nxc4 41. Qxc4 Rxb3 0-1

[Event "Titled Tuesday intern op 02nd May Early"]
[Site "Chess.com INT"]
[Date "2023.05.02"]
[Round "4"]
[White "Kosakowski, Jakub"]
[Black "Munkhgal, Gombosuren"]
[Result "1-0"]
[WhiteElo "2485"]
[BlackElo "2463"]
[PlyCount "89"]
[EventDate "2023.05.02"]
[EventType "swiss (blitz)"]
[EventRounds "11"]
[EventCountry "USA"]
[SourceTitle "EXT 2024"]
[Source "ChessBase"]
[SourceDate "2023.10.10"]
[SourceVersion "1"]
[SourceVersionDate "2023.10.10"]
[SourceQuality "1"]

1. d4 Nf6 2. Nf3 g6 3. Nbd2 d5 4. b4 Bg7 5. e3 0-0 6. a4 a5 7. b5 c5 8. bxc6 bxc6 9. Be2 Ba6 10. 0-0 Bxe2 11. Qxe2 Na6 12. Ba3 Qc7 13. Rab1 Nb4 14. c3 Na6 15. Ne5 Nd7 16. Nxd7 Qxd7 17. Rb6 Nc7 18. Rfb1 c5 19. Bxc5 Qxa4 20. Bxe7 Rfe8 21. Bd6 Ne6 22. Qd3 Rec8 23. h3 Qd7 24. Ba3 a4 25. c4 dxc4 26. Nxc4 Qd5 27. Nd6 Rd8 28. R6b5 Qa2 29. Rb7 Bf8 30. R7b2 Qd5 31. Ne4 Bg7 32. Rb5 Qa2 33. Be7 Re8 34. Nf6+ Bxf6 35. Bxf6 a3 36. d5 Nc7 37. R5b3 h6 38. Ra1 Qxa1+ 39. Bxa1 a2 40. Qc3 Kf8 41. Qxc7 Rec8 42. Qd6+ Kg8 43. Qf6 Rc1+ 44. Kh2 Rxa1 45. Qxa1 1-0

[Event "Titled Tuesday intern op 02nd May Early"]
[Site "Chess.com INT"]
[Date "2023.05.02"]
[Round "3"]
[White "Munkhgal, Gombosuren"]
[Black "Rodshtein, Maxim"]
[Result "1-0"]
[WhiteElo "2463"]
[BlackElo "2606"]
[PlyCount "129"]
[EventDate "2023.05.02"]
[EventType "swiss (blitz)"]
[EventRounds "11"]
[EventCountry "USA"]
[SourceTitle "EXT 2024"]
[Source "ChessBase"]
[SourceDate "2023.10.10"]
[SourceVersion "1"]
[SourceVersionDate "2023.10.10"]
[SourceQuality "1"]

1. d4 e6 2. Bf4 Nf6 3. e3 Be7 4. Nf3 Nh5 5. Be5 d6 6. Bg3 0-0 7. Bd3 g6 8. c4 c5 9. Nc3 Nd7 10. Ne4 Nxg3 11. hxg3 cxd4 12. exd4 d5 13. cxd5 exd5 14. Nc3 Re8 15. Kf1 Nf6 16. Qd2 Bf8 17. Ne5 a6 18. Re1 Be6 19. Qf4 Bg7 20. g4 Nd7 21. Qh2 h6 22. Qf4 Nxe5 23. dxe5 Rc8 24. Ne2 d4 25. Ng3 Qg5 26. Qxg5 hxg5 27. Ne4 Bxe5 28. Nxg5 Bxa2 29. Ne4 Be6 30. f4 Bxf4 31. Nf6+ Kg7 32. Nxe8+ Rxe8 33. Re4 Be3 34. Ke2 Rc8 35. Rf1 Rc5 36. Ra1 a5 37. Ra4 b6 38. Raxd4 Bxd4 39. Rxd4 Rg5 40. Kf3 Rd5 41. Rxd5 Bxd5+ 42. Kf4 Kf6 43. g5+ Ke6 44. g3 Kd6 45. Ke3 Kc5 46. Bc2 b5 47. Kd3 Bc4+ 48. Kc3 b4+ 49. Kd2 Kd4 50. Bb1 Bd5 51. Bc2 Be6 52. Bd1 b3 53. Be2 Ke4 54. Kc3 Ke3 55. Bc4 a4 56. Bb5 Kf3 57. Bxa4 Kxg3 58. Bxb3 Kf4 59. Bxe6 fxe6 60. b4 Ke5 61. Kc4 Kd6 62. Kd4 e5+ 63. Ke4 Ke6 64. b5 Kd6 65. b6 1-0

[Event "Titled Tuesday intern op 02nd May Early"]
[Site "Chess.com INT"]
[Date "2023.05.02"]
[Round "2"]
[White "Rustemov, Alexander"]
[Black "Munkhgal, Gombosuren"]
[Result "1/2-1/2"]
[WhiteElo "2525"]
[BlackElo "2463"]
[PlyCount "84"]
[EventDate "2023.05.02"]
[EventType "swiss (blitz)"]
[EventRounds "11"]
[EventCountry "USA"]
[SourceTitle "EXT 2024"]
[Source "ChessBase"]
[SourceDate "2023.10.10"]
[SourceVersion "1"]
[SourceVersionDate "2023.10.10"]
[SourceQuality "1"]

1. d4 Nf6 2. c4 g6 3. Nf3 Bg7 4. g3 d6 5. Bg2 0-0 6. Nc3 Nc6 7. 0-0 e5 8. d5 Nb8 9. e4 a5 10. Rb1 Na6 11. b3 Nc5 12. Ne1 Ne8 13. a3 f5 14. b4 axb4 15. axb4 Nxe4 16. Nxe4 fxe4 17. Bxe4 Nf6 18. Bg2 Bf5 19. Rb3 Ra2 20. Rb2 Ra1 21. Nc2 Bxc2 22. Qxc2 Qa8 23. h3 Qa4 24. Qxa4 Rxa4 25. Be3 Rfa8 26. c5 e4 27. Rb3 Ra3 28. Rfb1 Rxb3 29. Rxb3 Ra1+ 30. Kh2 Kf7 31. Bd4 Ng4+ 32. hxg4 Bxd4 33. Bxe4 Ra2 34. Kh3 Bxf2 35. cxd6 cxd6 36. g5 Bd4 37. Rd3 Be5 38. Rb3 Kg7 39. Kg4 h5+ 40. gxh6+ Kxh6 41. b5 Rb2 42. Rxb2 Bxb2 1/2-1/2

[Event "Titled Tuesday intern op 18th Apr Early"]
[Site "Chess.com INT"]
[Date "2023.04.18"]
[Round "3"]
[White "Munkhgal, Gombosuren"]
[Black "Kruckenhauser, Arthur"]
[Result "1-0"]
[WhiteElo "2463"]
[BlackElo "2364"]
[PlyCount "127"]
[EventDate "2023.04.18"]
[EventType "swiss (blitz)"]
[EventRounds "11"]
[EventCountry "USA"]
[SourceTitle "EXT 2024"]
[Source "ChessBase"]
[SourceDate "2023.10.10"]
[SourceVersion "1"]
[SourceVersionDate "2023.10.10"]
[SourceQuality "1"]

1. d4 Nf6 2. Bf4 c5 3. d5 b5 4. a4 b4 5. c4 g6 6. Be5 Bg7 7. b3 d6 8. Bb2 0-0 9. Nd2 Bf5 10. f3 e5 11. e4 Bc8 12. a5 Nh5 13. g3 f5 14. Bg2 Bh6 15. Ne2 f4 16. 0-0 fxg3 17. hxg3 Be3+ 18. Rf2 Qg5 19. Nf1 Bxf2+ 20. Kxf2 Nd7 21. Bc1 Qe7 22. g4 Nf4 23. Nxf4 exf4 24. Bb2 Ne5 25. a6 Qh4+ 26. Kg1 Re8 27. Qd2 Qg5 28. Ng3 Bd7 29. Ne2 Rf8 30. Kf2 Rae8 31. Rh1 Bxg4 32. fxg4 Nxg4+ 33. Ke1 Ne5 34. Bxe5 Rxe5 35. Bf3 Qf6 36. Kf2 g5 37. Qe1 g4 38. Bxg4 Rxe4 39. Be6+ Kh8 40. Qa1 Re5 41. Qb1 h5 42. Qg1 Rg5 43. Qa1 Re5 44. Bg4 Kg7 45. Bf3 Rh8 46. Rg1+ Kf8 47. Qa5 Qh4+ 48. Kf1 Qh3+ 49. Bg2 Qd3 50. Qd8+ Kf7 51. Qd7+ Re7 52. Qe6+ Rxe6 53. dxe6+ Ke7 54. Bd5 f3 55. Rg7+ Kf6 56. Rf7+ Ke5 57. Rxf3 Qd1+ 58. Kf2 h4 59. e7 Re8 60. Re3+ Kf6 61. Re6+ Kg7 62. Nf4 Qa1 63. Nh5+ Kh8 64. Rh6# 1-0